<?xml version="1.0" encoding="UTF-8"?>
<record
    xmlns:xsi="http://www.w3.org/2001/XMLSchema-instance"
    xsi:schemaLocation="http://www.loc.gov/MARC21/slim http://www.loc.gov/standards/marcxml/schema/MARC21slim.xsd"
    xmlns="http://www.loc.gov/MARC21/slim">

  <leader>03064nam a2200325 u 4500</leader>
  <controlfield tag="001">1556120</controlfield>
  <controlfield tag="005">20240802085951.0</controlfield>
  <controlfield tag="007">cr|||||||</controlfield>
  <controlfield tag="008">210407s2015                        spa  </controlfield>
  <datafield tag="020" ind1=" " ind2=" ">
    <subfield code="a">9789587711820</subfield>
  </datafield>
  <datafield tag="020" ind1=" " ind2=" ">
    <subfield code="a">9789587711837</subfield>
  </datafield>
  <datafield tag="035" ind1=" " ind2=" ">
    <subfield code="a">1556120</subfield>
  </datafield>
  <datafield tag="040" ind1=" " ind2=" ">
    <subfield code="c">comduadb</subfield>
  </datafield>
  <datafield tag="041" ind1=" " ind2=" ">
    <subfield code="a">spa</subfield>
  </datafield>
  <datafield tag="100" ind1="1" ind2="0">
    <subfield code="a">Fierro Mart&#xED;nez, &#xC1;ngel Mar&#xED;a</subfield>
    <subfield code="4">aut</subfield>
    <subfield code="e">aut</subfield>
    <subfield code="9">539946</subfield>
  </datafield>
  <datafield tag="245" ind1="1" ind2="0">
    <subfield code="a">Contabilidad general con enfoque NIIF para las pymes</subfield>
  </datafield>
  <datafield tag="250" ind1=" " ind2=" ">
    <subfield code="a">5. edici&#xF3;n</subfield>
  </datafield>
  <datafield tag="260" ind1=" " ind2=" ">
    <subfield code="a">Bogot&#xE1; :</subfield>
    <subfield code="b">Ecoe Ediciones,</subfield>
    <subfield code="c">2015.</subfield>
  </datafield>
  <datafield tag="300" ind1=" " ind2=" ">
    <subfield code="a">487 p&#xE1;ginas</subfield>
  </datafield>
  <datafield tag="336" ind1=" " ind2=" ">
    <subfield code="a">texto</subfield>
    <subfield code="b">txt</subfield>
    <subfield code="0">(uri)http://www.rdaregistry.info/termList/RDAContentType/#1020</subfield>
    <subfield code="2">rdacontent</subfield>
  </datafield>
  <datafield tag="490" ind1="0" ind2=" ">
    <subfield code="a">Ciencias Empresariales. Contabilidad y Finanzas</subfield>
  </datafield>
  <datafield tag="500" ind1=" " ind2=" ">
    <subfield code="a">CONTENIDO: Presentaci&#xF3;n. -- Cap&#xED;tulo 1. Introducci&#xF3;n a la contabilidad. -- Cap&#xED;tulo 2. Peque&#xF1;as y medianas entidades. -- Cap&#xED;tulo 3. Conceptos y principios generales. -- Cap&#xED;tulo 4. Modelos y m&#xE9;todos de medici&#xF3;n. -- Cap&#xED;tulo 5. Conceptos de comercio. -- Cap&#xED;tulo 6. Ciclo contable. -- Cap&#xED;tulo 7. Contabilidad de activos. -- Cap&#xED;tulo 8. Contabilidad de pasivos. -- Cap&#xED;tulo 9. Contabilidad de patrimonio. -- Cap&#xED;tulo 10. Rendimiento de la entidad. -- Cap&#xED;tulo 11. Contabilidad de persona natural. -- Cap&#xED;tulo 12. Contabilidad de sociedad comercial. -- Cap&#xED;tulo 13. Elaboraci&#xF3;n de la hoja de trabajo. -- Cap&#xED;tulo 14. Estados financieros.</subfield>
  </datafield>
  <datafield tag="520" ind1="3" ind2=" ">
    <subfield code="a">RESUMEN: La contabilidad es el lenguaje de los negocios y el soporte de las decisiones de los hombres de negocio, el no llevar la contabilidad de acuerdo a las normas de contabilidad, es como guiar un avi&#xF3;n sin medidor de gasolina, alt&#xED;metro, velocidad o br&#xFA;jula.&#xBB; Bajo este precepto, se estructura una obra esencial de consulta y estudio para todo profesional que se vea en la necesidad de desempe&#xF1;ar labores de contabilidad en los negocios, y que requiera aprender el manejo de conceptos contables &#xE1;giles que faciliten el aprendizaje, tanto te&#xF3;rico como pr&#xE1;ctico. Su exposici&#xF3;n clara y sucinta de los componentes nucleares de la contabilidad y manejo de finanzas de una empresa son claves tambi&#xE9;n para estudiantes de diferentes &#xE1;reas de la contabilidad. Los procesos aqu&#xED; detallados se rigen por las normas de contabilidad actuales en Colombia. La obra analiza el desarrollo de la contabilidad, se adentra en los principios que rigen la contabilidad en Colombia, contextualiza sus fundamentos te&#xF3;ricos y pr&#xE1;cticos, y hace comprensible el ciclo contable a trav&#xE9;s de sus conceptos base. Desarrolla asimismo el proceso de la contabilidad en forma pr&#xE1;ctica a la creaci&#xF3;n de una empresa y elabora documentos y reportes de libros, cierre contable y estados financieros.</subfield>
  </datafield>
  <datafield tag="650" ind1=" " ind2="7">
    <subfield code="a">Estados financieros</subfield>
    <subfield code="2">lemb</subfield>
    <subfield code="9">1546</subfield>
  </datafield>
  <datafield tag="650" ind1=" " ind2=" ">
    <subfield code="a">Contabilidad empresarial</subfield>
    <subfield code="9">77276</subfield>
  </datafield>
  <datafield tag="650" ind1=" " ind2="7">
    <subfield code="a">Normas Internacionales de Informaci&#xF3;n Financiera</subfield>
    <subfield code="2">armarc</subfield>
    <subfield code="9">866027</subfield>
  </datafield>
  <datafield tag="700" ind1="1" ind2="0">
    <subfield code="a">Fierro Celis, Francy Milena </subfield>
    <subfield code="4">aut</subfield>
    <subfield code="e">aut</subfield>
    <subfield code="9">804009</subfield>
  </datafield>
  <datafield tag="856" ind1="4" ind2=" ">
    <subfield code="u">http://aplicacionesbiblioteca.udea.edu.co:2048/login?url=http://www.ebooks7-24.com/?il=1095</subfield>
  </datafield>
  <datafield tag="942" ind1=" " ind2=" ">
    <subfield code="c">BOOK</subfield>
    <subfield code="n">0</subfield>
  </datafield>
  <datafield tag="999" ind1=" " ind2=" ">
    <subfield code="c">825850</subfield>
    <subfield code="d">825850</subfield>
  </datafield>
</record>
